Comprensión del Medio Natural, Social y Cultural 4º Básico: Texto para el estudiante
Guardado en:
| Autores principales: | , |
|---|---|
| Otros Autores: | |
| Formato: | Libro |
| Lenguaje: | español |
| Publicado: |
Santiago
Mare Nostrum
2009
|
| Edición: | 2a. ed |
| Materias: | |
| Etiquetas: |
Agregar Etiqueta
Sin Etiquetas, Sea el primero en etiquetar este registro!
|
MARC
| LEADER | 00000nam a2200000 a 4500 | ||
|---|---|---|---|
| 001 | UCG0070 | ||
| 003 | CL-VaPUC | ||
| 008 | 100312e20090000CL |||||||||||||||||spa|d | ||
| 020 | |a 9789562942379 | ||
| 082 | 0 | 4 | |a 372.357 |b GIA |2 21 |
| 100 | |a Giadrosic Reyes, Georgina |e author |9 593448 | ||
| 700 | |a Núñez Jiménez, Sergio |e autor |9 547424 | ||
| 700 | 0 | |a González Alvarez, Manuel |e author |9 547411 | |
| 245 | 1 | 0 | |a Comprensión del Medio Natural, Social y Cultural 4º Básico: Texto para el estudiante |
| 250 | |a 2a. ed | ||
| 300 | |a 159 p | ||
| 942 | |c BK | ||
| 945 | |d 20100312 00:00:00 |a rbrito | ||
| 260 | |a Santiago |b Mare Nostrum |c 2009 | ||
| 650 | 7 | |a ENSEÑANZA DE LAS CIENCIAS NATURALES |2 CL-VaPUC |9 547412 | |
| 650 | 0 | |a Educación básica |9 224933 | |
| 650 | 0 | |a Medio ambiente |9 257625 | |
| 650 | 0 | |a Libros de texto |9 270019 | |
| 650 | 0 | |a Métodos de enseñanza |9 270413 | |
| 583 | |a last modification |c 20180314 12:05:04 |k Rodrigo Vera | ||
| 999 | |c 339821 |d 339819 | ||
| 952 | |0 0 |1 0 |4 0 |6 372_357000000000000_GIA_2009 |7 0 |8 A |9 433961 |a BIBEDU |b BIBEDU |d 2019-11-22 |i 4640306 |o 372.357 GIA 2009 |p 4640306 |r 2019-11-22 |w 2019-11-22 |y BK |k EBA | ||
| 952 | |0 0 |1 0 |4 0 |6 372_357000000000000_GIA_2009 |7 0 |8 A |9 433962 |a BIBEDU |b BIBEDU |d 2019-11-22 |i 4640314 |o 372.357 GIA 2009 |p 4640314 |r 2019-11-22 |w 2019-11-22 |y BK |k EBA | ||